00271nam a2200109Ia 4500008004100000041001200041082001100053100001400064245007100078260000600149650000600155221030s9999 xx 000 0 und d aEnglish a105.23 aP. Prasad 0aCommunication Skills - for Engineers & Professionalscby P. Prasad c0 aB